000 00534nmm a2200181Ia 4500
008 251105s9999||||xx |||||||||||||||||und||
020 _a9788433912008
041 _aspa
100 _aGarcés, Gonzalo
245 0 _aAdam Haberberg
264 _a[Madrid, España] :
_bEditorial Anagrama,
_c[Fecha de publicación no identificada]
300 _a0 páginas
490 _aPanorama de narrativas
700 _aGarcés, Gonzalo
700 1 _a Reza, Yasmina
856 _uhttps://public.digitaliapublishing.com/a/161638
942 _cCF
999 _c65861
_d65861